000 00288nam a22001217a 4500
008 251121b |||||||| |||| 00| 0 eng d
020 _a978-81-8431-288-1
100 _aJ.S. Chitode
245 _aSignals & Systems
260 _aPune
_bTechnical
_c2010
300 _a2010
942 _2ddc
_cBK
999 _c21623
_d21623